Les végétaux dans le calendrier républicain - Printemps - - Statistiques

Statistiques générales
  • Ce quiz a été pris 19 fois
  • Le résultat moyen est 22 sur 69
Statistiques - réponses
Date Initiale Indice Réponse % Correct
4 germinal T Fleur hollandaise Tulipe
93%
7 germinal B Arbre à tronc blanc Bouleau
87%
2 floréal C Roi des arbres Chêne
80%
11 prairial F Fruit rouge Fraise
80%
16 germinal L Salade Laitue
80%
1er floréal R Reine des fleurs Rose
80%
23 germinal M Cousin du châtaigner Marronnier
73%
7 floréal M Roi du 1er mai Muguet
73%
2 germinal P Arbre des routes Platane
73%
3 prairial T A 3 ou 4 feuilles Trèfle
73%
8 germinal J N'est pas narcisse Jonquille
67%
29 prairial P Rouge comme une... Pivoine
67%
28 prairial T Dans le bouquet garni Thym
67%
22 prairial C Bonne tisane Camomille
60%
29 germinal M Petit fruit noir Myrtille
60%
13 prairial P Petit ou cassé Pois
60%
27 germinal A Prénom et fleur Anémone
53%
8 floréal C Mousseron ou bolet Champignon
53%
17 floréal P Amie de Nicolas Pimprenelle
53%
6 germinal B On mange ses côtes Bette
47%
26 floréal F Pas poiur dessiner Fusain
47%
26 germinal L Arbre fleuri Lilas
47%
13 germinal M Champignon de printemps Morille
47%
18 prairial P Possible drogue Pavot
47%
3 floréal F Plante de sous-bois Fougère
40%
19 prairial T Aide à dormir Tilleul
40%
27 prairial V Herbe de Vénus Verveine
40%
4 floréal A Rosacé rustique Aubépine
33%
14 germinal H Homophone d'auxiliaire Hêtre
33%
9 floréal H Ancienne jacinthe Hyacinthe
33%
26 prairial J Fleur odorante Jasmin
33%
28 germinal P Pas toujours dans la tête Pensée
33%
1er germinal P 1ère fleur Primevère
33%
17 prairial S On en fait du sirop Sureau
33%
23 floréal B Son huile déride Bourrache
27%
18 germinal C Poison Cigüe
27%
22 germinal R Salade italienne Romaine
27%
14 prairial A Arbuste jaune Acacia
20%
11 germinal P Petite fleur bleue Pervenche
20%
19 germinal R Synonyme d'argent Radis
20%
24 germinal R Aussi une arme Roquette
20%
24 floréal V Relaxante Valériane
20%
9 germinal A Arbre de sols pauvres Aulne
13%
12 germinal C Arbre "délicieux" Charme
13%
1er prairial L Nourriture animale Luzerne
13%
17 germinal M Arbre imputrescible Mélèze
13%
6 prairial M Aide la digestion Mélisse
13%
16 prairial O Porte malheur Oeillet
13%
9 prairial S Thym sauvage Serpolet
13%
4 prairial A Se confit Angélique
7%
22 floréal F Bulbeuse de printemps Fritillaire
7%
11 floréal R On mange ses bâtons Rhubarbe
7%
12 floréal S Plante de pâture Sainfoin
7%
6 floréal A Fleur bleue Ancolie
0%
19 floréal A Belle dame Arroche
0%
3 germinal A Plante souterraine Asperge
0%
12 prairial B Epiaire Bétoine
0%
28 floréal B Herbacée bleue Buglosse
0%
24 prairial CL Gaillet jaune Caille-lait
0%
14 floréal C Palmier Chamerops
0%
23 prairial C Grimpante Chèvrefeuille
0%
16 floréal C Genre de bourrache Consoude
0%
18 floréal CDO Herbacé jaune Corbeille d'or
0%
7 prairial F Herbacée Fromental
0%
21 germinal G Arbre de Judée Gainier
0%
2 prairial H Beauté d'un jour Hémérocalle
0%
8 prairial M Sorte de lys Martagon
0%
29 floréal S Moutarde sauvage Sénevé
0%
21 floréal S Fleur à bouquets secs Statice
0%
Aucun quiz correspondant
Distribution des résultats
% des personnes avec chaque résultat
Percentile par nombre de réponses
Votre historique - résultats
Vous n’avez pas pris ce quiz